Simon Peter: (Record no. 3460)

000 -LEADER
fixed length control field 00636nam a2200205 a 4500
001 - CONTROL NUMBER
control field :::00001191$&:&@@
003 - CONTROL NUMBER IDENTIFIER
control field OkBaRHE
005 - DATE AND TIME OF LATEST TRANSACTION
control field 20000607103242.0
008 - FIXED-LENGTH DATA ELEMENTS--GENERAL INFORMATION
fixed length control field s1983 j 000 0 eng u
040 ## - CATALOGING SOURCE
Transcribing agency
100 1# - MAIN ENTRY--PERSONAL NAME
Personal name Mackenzie, Carine.
245 10 - TITLE STATEMENT
Title Simon Peter:
Remainder of title the disciple.
260 ## - PUBLICATION, DISTRIBUTION, ETC. (IMPRINT)
Place of publication, distribution, etc Ross-shire, UK:ST., :
Name of publisher, distributor, etc Christian Focus Publications
Date of publication, distribution, etc c1983
300 ## - PHYSICAL DESCRIPTION
Extent 31 p. : illus. ;
Dimensions 21 cm.
650 ## - SUBJECT ADDED ENTRY--TOPICAL TERM
Topical term or geographic name as entry element Bible Stories
650 ## - SUBJECT ADDED ENTRY--TOPICAL TERM
Topical term or geographic name as entry element Children's Stories
650 ## - SUBJECT ADDED ENTRY--TOPICAL TERM
Topical term or geographic name as entry element Peter, Saint, apostle
942 ## - ADDED ENTRY ELEMENTS (KOHA)
Source of classification or shelving scheme
Koha item type Books
Copies
Full call number Date acquired Not for loan Lost status Permanent Location Damaged status Price effective from Date last seen Shelving location Source of classification or shelving scheme Barcode Withdrawn status Copy number Koha item type
BS 551.2 .M3S552010-04-14  RHEMA Bible Training College 2010-04-142018-02-20General Stacks 1191 1Books